000
00449nam a22001097a 4500
082
_a
800/KAL
100
_a
कालरा,डॉ. शकुंतला
_9
83987
245
_a
मैथिलीशरण गुप्त का राम और कृष्ण काव्य
260
_a
दिल्ली
_b
चन्द्रमेुखी प्रकाशन
_c
2025
650
_a
काव्यालोचना
_9
54621
942
_c
HIN
999
_c
69005
_d
69005